000 02415cam a22002054a 4500
005 20250605164136.0
008 250528s ||||||||||||||||||||||||d
035 _a18764
020 _a9603101982
040 _aGR-AtMCL
_bgre
_dGR-AtMCL
_eAACR2
245 1 _aΗ Ολοκλήρωση της Ευρωπαϊκής Ένωσης / Θεσμικές, Πολιτικές και Οικονομικές Πτυχές
260 _bΘεμέλιο,
_c1995
300 _a736
520 _aΣυντομογραφίες, Εισαγωγή, Θεωρία της Διεθνούς Πολιτικής Ενοποίησης, Οι Θεσμοί της Ευρωπαϊκής Ένωσης και η Λειτουργία τους, Η Έννομη Τάξη της ΕυρωπαΙκής Ένωσης, Η Ευρωπαϊκή Ενοποίηση και το Ενικό Σύνταγμα, Η Πολιτική Συνεργασία στην Ευρωπαϊκή Ένωση, Η Διεύρυνση της Ευρωπαϊκής Ένωσης, Οικονομική Οργάνωση, Θεωρία της Διεθνούς Οικονομικής Ολοκλήρωσης, Η Ολοκλήρωση της Εσωτερικής Αγοράς της Ευρωπαϊκής Ένωσης, Δημοσιονομική Εναρμόνιση και Δημοσιονομική Ενοποίηση στην Ευρωπαϊκή Ένωση, Ο Προϋπολογισμός της Ευρωπαϊκής Ένωσης, Θεωρία Νομισματικής Ενοποίησης και το Ευρωπαϊκο Νομισματικό Σύστημα, Η Διαδικασία της Οικονομικής και Νομισματικής Ένωσης στην Ευρωπαϊκή Ένωση, Οι Πολιτικές της ΕυρωπαΙκής Ένωσης, Η Περιφερειακή Πολιτική, Η Αγροτική Πολιτική, Η Βιομηχανική και Τεχνολογική Πολιτική, Η Εμπορική Πολιτική, Η Ευρωπαϊκή Ένωση και η Κεντρική και Ανατολική Ευρώπη, Η Περιβαλλοντική Πολιτική, Η Κοινωνική Πολιτική, Η Εκπαιδευτική Πολιτική, Παραρτήματα.
700 1 _aΜαραβεγιάς Ναπολέον
_95010
700 1 _aΤσινισιζελής Μιχάλης
_95011
942 _cBK
999 _c4080
_d4080